000 00653nam a2200277Ia 4500
005 20260324150306.0
008 008 260324s9999 xx 000 0 eng d
020 _a9781003604433
037 _aEBOOK
040 _aCRL
040 _beng
040 _cCRL
041 _2eng
041 _aeng
084 _qCRL
100 _aW. Brandis; D. Henderson
_91225925
245 0 _aSocial Class, Language and Communication
260 _bTaylor and Francis
260 _c1970
365 _a
365 _b135
856 _uhttp://www.taylorfrancis.com/books/9781003604433
942 _cEBOOK
999 _c1835112
_d1835112